000
00259nam a2200109Ia 4500
005
20251222114349.0
008
251222s1900||||xx |||||||||||||| ||spa||
082
_a
DVD0090/M66/2000
245
0
_a
El mundo Neanderthal
264
_b
Discovery Channel
942
_c
DVD
999
_c
1183
_d
1183